Reforma de la hacienda pública / (Registro nro. 13796)

Detalles MARC
000 -LEADER
fixed length control field 01789nam a2200325 a 4500
001 - CONTROL NUMBER
control field
003 - CONTROL NUMBER IDENTIFIER
control field DO-SdBNP
005 - DATE AND TIME OF LATEST TRANSACTION
control field 20211018115344.0
008 - FIXED-LENGTH DATA ELEMENTS--GENERAL INFORMATION
fixed length control field 100127s2007 dr 001 0 spa d
020 ## - INTERNATIONAL STANDARD BOOK NUMBER
International Standard Book Number 9789945406504
040 ## - CATALOGING SOURCE
Original cataloging agency DO-SdBNP
Language of cataloging spa
Transcribing agency BPMSU
082 ## - DEWEY DECIMAL CLASSIFICATION NUMBER
Classification number 336.7293
Item number R426r, 2007
Edition number 22
110 2# - MAIN ENTRY--CORPORATE NAME
Corporate name or jurisdiction name as entry element República Dominicana
Subordinate unit Secretaría de Estado de Hacienda
245 10 - TITLE STATEMENT
Title Reforma de la hacienda pública /
Statement of responsibility, etc. edición Virgilio Alcántara.
250 ## - EDITION STATEMENT
Edition statement
260 ## - PUBLICATION, DISTRIBUTION, ETC. (IMPRINT)
Place of publication, distribution, etc. Santo Domingo :
Name of publisher, distributor, etc. Secretaría de Estado de Hacienda,
Date of publication, distribution, etc. 2007.
300 ## - PHYSICAL DESCRIPTION
Extent 287 p. ;
Dimensions 23 cm.
505 0# - FORMATTED CONTENTS NOTE
Formatted contents note Presentación -- Antecedentes de la reforma -- Ley 494-06 de organización de la Secretaría de Estado de Hacienda -- Ley 5-07 que crea el sistema integrado de administración financiera del Estado -- Ley 423-06 orgánica de presupuesto del sector público -- Ley 567-05 de tesorería nacional -- Ley 6-06 de crédito público -- Ley 340-06 de compras y contrataciones de bienes, obras, servicios y concesiones del Estado -- Ley 449-06 que modifica la Ley No. 340-06 sobre contrataciones de bienes, obras, servicios y concesiones -- Ley 126-01 mediante la cual de crea la dirección general de contabilidad gubernamental -- Ley 10-07 de la contraloría general de la República y del control interno.
590 ## - LOCAL NOTE (RLIN)
Local note Inventariado, 2021/VM
650 #4 - SUBJECT ADDED ENTRY--TOPICAL TERM
Topical term or geographic name as entry element Hacienda pública
General subdivision Legislación
Geographic subdivision República Dominicana
650 #4 - SUBJECT ADDED ENTRY--TOPICAL TERM
Topical term or geographic name as entry element Política fiscal
650 #4 - SUBJECT ADDED ENTRY--TOPICAL TERM
Topical term or geographic name as entry element Reforma tributaria
Geographic subdivision República Dominicana
650 #4 - SUBJECT ADDED ENTRY--TOPICAL TERM
Topical term or geographic name as entry element Presupuesto
General subdivision Legislación
Geographic subdivision República Dominicana
650 #4 - SUBJECT ADDED ENTRY--TOPICAL TERM
Topical term or geographic name as entry element Deuda pública
Geographic subdivision República Dominicana
650 #4 - SUBJECT ADDED ENTRY--TOPICAL TERM
Topical term or geographic name as entry element Auditoría interna
651 #4 - SUBJECT ADDED ENTRY--GEOGRAPHIC NAME
Geographic name Política De Finanzas Públicas
Geographic subdivision República Dominicana
700 1# - ADDED ENTRY--PERSONAL NAME
Personal name Alcántara, Virgilio,
Relator term ed.
910 ## - USER-OPTION DATA (OCLC)
User-option data VMateo V.
942 ## - ADDED ENTRY ELEMENTS (KOHA)
Source of classification or shelving scheme Dewey Decimal Classification
Koha item type Libros
Existencias
Withdrawn status Lost status Source of classification or shelving scheme Damaged status Not for loan Collection code Home library Current library Date acquired Full call number Barcode Date last seen Price effective from Koha item type
    Dewey Decimal Classification     Colección Dominicana Biblioteca Pública Metropolitana Salomé Ureña Biblioteca Pública Metropolitana Salomé Ureña 10/18/2021 BPMSU CD 336.7293 R426r 2007 BPMSU21100103 10/18/2021 10/18/2021 Libros